000 00604nam a2200217Ia 4500
003 OSt
005 20221007082857.0
006 a|||||r|||| 00| 0
007 ta
008 221006b |||||||| |||| 00| 0 eng d
024 _a33,363
037 _cDissertations
040 _aFLL
_cFLL
_beng
041 _2eng
_aeng
100 _aFebroneous Silkam Sangma
_9699708
245 0 _aRight to freedom from hunger and right to food as human rights
_b the indian perspective
260 _c2007
300 _a77p
_ccm.
942 _cDIS
_2CC
999 _c1168041
_d1168041